<?xml version="1.0" encoding="UTF-8"?><?xml-stylesheet type="text/xsl" href="static/style.xsl"?><OAI-PMH xmlns="http://www.openarchives.org/OAI/2.0/" xmlns:xsi="http://www.w3.org/2001/XMLSchema-instance" xsi:schemaLocation="http://www.openarchives.org/OAI/2.0/ http://www.openarchives.org/OAI/2.0/OAI-PMH.xsd"><responseDate>2026-04-17T08:02:19Z</responseDate><request verb="GetRecord" identifier="oai:www.recercat.cat:10230/25617" metadataPrefix="marc">https://recercat.cat/oai/request</request><GetRecord><record><header><identifier>oai:recercat.cat:10230/25617</identifier><datestamp>2025-12-24T08:33:56Z</datestamp><setSpec>com_2072_6</setSpec><setSpec>col_2072_452952</setSpec></header><metadata><record xmlns="http://www.loc.gov/MARC21/slim" xmlns:dcterms="http://purl.org/dc/terms/" xmlns:xsi="http://www.w3.org/2001/XMLSchema-instance" xmlns:doc="http://www.lyncode.com/xoai" xsi:schemaLocation="http://www.loc.gov/MARC21/slim http://www.loc.gov/standards/marcxml/schema/MARC21slim.xsd">
   <leader>00925njm 22002777a 4500</leader>
   <datafield ind2=" " ind1=" " tag="042">
      <subfield code="a">dc</subfield>
   </datafield>
   <datafield ind2=" " ind1=" " tag="720">
      <subfield code="a">Llach, Sílvia</subfield>
      <subfield code="e">author</subfield>
   </datafield>
   <datafield ind2=" " ind1=" " tag="720">
      <subfield code="a">Palmada, Blanca</subfield>
      <subfield code="e">author</subfield>
   </datafield>
   <datafield ind2=" " ind1=" " tag="260">
      <subfield code="c">2016-01-21T13:22:36Z</subfield>
   </datafield>
   <datafield ind2=" " ind1=" " tag="260">
      <subfield code="c">2016-01-21T13:22:36Z</subfield>
   </datafield>
   <datafield ind2=" " ind1=" " tag="260">
      <subfield code="c">2012</subfield>
   </datafield>
   <datafield ind2=" " ind1=" " tag="520">
      <subfield code="a">El objetivo de este estudio es describir el comportamiento de los errores que se producen en dos tipos de/nataques (inicial e intervocálico) y dos tipos de codas (medial y final de palabra) para determinar si estas/nposiciones son propensas a una tipología específica de errores. Con este fin, se han estudiado los errores/nque se producen habitualmente en estos cuatro contextos durante la adquisición de los sonidos/nconsonánticos de la lengua catalana, en 90 niños de edades comprendidas entre 3 y 5 años, procedentes de/ndiversos centros educativos. Los resultados muestran que hay diferencias en el tipo de errores que/nexperimenta cada posición.</subfield>
   </datafield>
   <datafield ind2=" " ind1=" " tag="520">
      <subfield code="a">The goal of this study is to describe the behavior of errors in two types of onsets (initial and intervocalic)/nand two types of codas (in the middle and end of the word) in order to determine if any of these positions/nare more prone to specific types of errors than the others.We have looked into the errors that are/nfrequently produced in these four contexts during the acquisition of consonant sounds in the Catalan/nlanguage. The data were taken from a study on the acquisition of consonants in Catalan, carried out on 90/nchildren between the ages of 3 and 5 years from several kindergarten schools. The results do show that/nthere are characteristic errors depending on the position within the word.</subfield>
   </datafield>
   <datafield tag="653" ind2=" " ind1=" ">
      <subfield code="a">Adquisición del lenguaje</subfield>
   </datafield>
   <datafield tag="653" ind2=" " ind1=" ">
      <subfield code="a">Catalán</subfield>
   </datafield>
   <datafield tag="653" ind2=" " ind1=" ">
      <subfield code="a">Errores consonánticos</subfield>
   </datafield>
   <datafield tag="653" ind2=" " ind1=" ">
      <subfield code="a">Fonología</subfield>
   </datafield>
   <datafield tag="653" ind2=" " ind1=" ">
      <subfield code="a">Catalan language</subfield>
   </datafield>
   <datafield tag="653" ind2=" " ind1=" ">
      <subfield code="a">Consonant errors</subfield>
   </datafield>
   <datafield tag="653" ind2=" " ind1=" ">
      <subfield code="a">Language acquisition</subfield>
   </datafield>
   <datafield tag="653" ind2=" " ind1=" ">
      <subfield code="a">Phonology</subfield>
   </datafield>
   <datafield ind2="0" ind1="0" tag="245">
      <subfield code="a">Consonant acquisition: a first approach to the distribution of errors in four positions in the word</subfield>
   </datafield>
</record></metadata></record></GetRecord></OAI-PMH>